00362 a2200073 4500245021400000100004800214260000900262300001700271 aHormones and Cell Regulation = Hormones et régulation cellulaire 5 : Procedings of the 15 th I.N.S.E.R.M. European Symposium on Hormones and Cell Regulation, held at Mont Sainte Odile, 24 - 27 septembre 1990 aINSERM Symposium ( 15; 1990; Sainte Odile ) c1990 aXIX - 117 p.